Elementary mechanics of solids (Record no. 4447)

000 -LEADER
fixed length control field 00558nam a2200217 a 4500
001 - CONTROL NUMBER
control field 4447
003 - CONTROL NUMBER IDENTIFIER
control field BD-DhUET
008 - FIXED-LENGTH DATA ELEMENTS--GENERAL INFORMATION
fixed length control field 810420t19811980nyua b 001 0 eng
020 ## - INTERNATIONAL STANDARD BOOK NUMBER
International Standard Book Number 085226819X
040 ## - CATALOGING SOURCE
Original cataloging agency DLC
Transcribing agency DLC
Modifying agency BD-DhUET
082 ## - DEWEY DECIMAL CLASSIFICATION NUMBER
Classification number 531
Item number SIN/1980
100 ## - MAIN ENTRY--PERSONAL NAME
Personal name Singh, Pashupati Nath
245 10 - TITLE STATEMENT
Title Elementary mechanics of solids
250 ## - EDITION STATEMENT
Edition statement 1st ed.
260 ## - PUBLICATION, DISTRIBUTION, ETC. (IMPRINT)
Place of publication, distribution, etc. New Delhi
Name of publisher, distributor, etc. Wiley Eastern
Date of publication, distribution, etc. 1980
300 ## - PHYSICAL DESCRIPTION
Extent xvi, 616p.
Other physical details ill.
504 ## - BIBLIOGRAPHY, ETC. NOTE
Bibliography, etc Includes bibliographies
650 #0 - SUBJECT ADDED ENTRY--TOPICAL TERM
Topical term or geographic name as entry element Mechanics of solids
700 ## - ADDED ENTRY--PERSONAL NAME
Personal name Jha, Prem Kumar
942 ## - ADDED ENTRY ELEMENTS (KOHA)
Koha item type General Book
Holdings
Date acquired Lost status Price effective from Koha normalized classification for sorting Koha date last seen Not for loan Shelving location Koha item type Source of classification or shelving scheme Location (home branch) Withdrawn status Koha full call number Damaged status Piece designation (barcode) Sublocation or collection (holding branch) Copy number
2014-11-16 2014-11-16531_000000000000000_SIN_19802014-11-16 Circulation sectionGeneral Book Central Library, BUET 531/SIN/1980 59249Central Library, BUET1
2015-03-10 2015-03-10531_000000000000000_SIN_19802015-03-10 Circulation sectionGeneral Book Central Library, BUET 531/SIN/1980 59250Central Library, BUET2
2015-03-10 2015-03-10531_000000000000000_SIN_19802015-03-10 Circulation sectionGeneral Book Central Library, BUET 531/SIN/1980 59252Central Library, BUET3
2015-03-10 2015-03-10531_000000000000000_SIN_19802015-03-10 Circulation sectionGeneral Book Central Library, BUET 531/SIN/1980 59245Central Library, BUET4
2015-03-10 2015-03-10531_000000000000000_SIN_19802015-03-10 Circulation sectionGeneral Book Central Library, BUET 531/SIN/1980 59246Central Library, BUET5
2015-03-11 2015-03-11531_000000000000000_SIN_19802015-03-11  General Book Central Library, BUET 531/SIN/1980  Central Library, BUET6
2015-03-11 2015-03-11531_000000000000000_SIN_19802015-03-11 Circulation sectionGeneral Book Central Library, BUET 531/SIN/1980 59248Central Library, BUET7
2015-03-11 2015-03-11531_000000000000000_SIN_19802015-03-11 Circulation sectionGeneral Book Central Library, BUET 531/SIN/1980 57348Central Library, BUET8
2015-03-22 2015-03-22531_000000000000000_SIN_19802016-03-27 Circulation sectionGeneral Book Central Library, BUET 531/SIN/1980 55367Central Library, BUET9
2015-06-08 2015-06-08531_000000000000000_SIN_19802015-06-08 Reading sectionReading Item Central Library, BUET 531/SIN/1980 59244Central Library, BUET10
2015-06-08 2015-06-08531_000000000000000_SIN_19802015-06-08 Reading sectionReading Item Central Library, BUET 531/SIN/1980 59243Central Library, BUET11